[Event "Litomysl 2008"]
[Site "?"]
[Date "2009.01.01"]
[Round "8.10"]
[White "Popcev, Milko Jordanov"]
[Black "Zakharchenko, Arnold"]
[Result "1-0"]
[WhiteElo "2426"]
[BlackElo "2288"]
[PlyCount "65"]
[EventDate "2008.12.26"]

1. Nc3 c5 2. Nf3 Nc6 3. g3 g6 4. Bg2 Bg7 5. e4 d6 6. h3 Nf6 7. O-O e5 8. d3 O-O
9. a4 Ne8 10. Nd2 Nc7 11. Nc4 Be6 12. Nd5 Ne7 13. Nc3 f5 14. exf5 Nxf5 15. Ne4
d5 16. Bg5 Qe8 17. g4 dxe4 18. Bxe4 Bxc4 19. dxc4 Nd4 20. c3 Nde6 21. Be3 Rd8
22. Qb3 b6 23. a5 Rb8 24. axb6 Rxb6 25. Qa3 Ra6 26. Qb3 Qb8 27. Qc2 Rb6 28. Ra2
Rd8 29. h4 Bf8 30. h5 Nf4 31. Bxf4 exf4 32. hxg6 hxg6 33. Bxg6 1-0

[Event "Litomysl 2008"]
[Site "?"]
[Date "2009.01.01"]
[Round "8.12"]
[White "Sabol, Marian"]
[Black "Cuhra, Martin"]
[Result "1-0"]
[WhiteElo "2354"]
[BlackElo "2168"]
[PlyCount "93"]
[EventDate "2008.12.26"]

1. d4 d5 2. c4 c6 3. Nf3 Nf6 4. g3 e6 5. Bg2 Nbd7 6. O-O Be7 7. b3 O-O 8. Bb2
Ne4 9. Nfd2 f5 10. f3 Nxd2 11. Qxd2 Bg5 12. f4 Be7 13. Ba3 Bxa3 14. Nxa3 Qe7
15. Nc2 b6 16. Nb4 Bb7 17. e3 Rac8 18. Rfc1 g5 19. Nd3 g4 20. a4 a6 21. c5 b5
22. axb5 axb5 23. Ra7 Rb8 24. Nb4 Rfc8 25. Bf1 Nf6 26. Bd3 h5 27. Rca1 Rc7 28.
Kg2 Kg7 29. Qe2 Qd7 30. Qa2 h4 31. gxh4 Kg6 32. Qf2 Rh8 33. Bc2 Ne4 34. Bxe4
dxe4 35. h3 Qe7 36. hxg4 Rxh4 37. Rh1 Rxh1 38. Kxh1 Qe8 39. Kg1 Qb8 40. Ra2 Rh7
41. Qg3 Kf7 42. g5 Kg6 43. Rh2 Qh8 44. Rxh7 Qxh7 45. Qh2 Qg7 46. Kf2 Bc8 47.
Nxc6 1-0

[Event "Litomysl 2008"]
[Site "?"]
[Date "2009.01.01"]
[Round "8.13"]
[White "Swicarz, Maciej"]
[Black "Bronowicki, Mateusz"]
[Result "0-1"]
[WhiteElo "2303"]
[BlackElo "2366"]
[PlyCount "64"]
[EventDate "2008.12.26"]

1. c4 Nf6 2. Nc3 e5 3. e3 c6 4. d4 exd4 5. Qxd4 Na6 6. Nf3 d5 7. a3 Nc5 8. cxd5
Nb3 9. Qe5+ Qe7 10. Rb1 Qxe5 11. Nxe5 Nxd5 12. Nxd5 cxd5 13. Bd2 Bf5 14. Bb5+
Ke7 15. Bd3 f6 16. Bb4+ Ke6 17. Bxf5+ Kxf5 18. Bxf8 fxe5 19. g4+ Ke6 20. Bb4 a5
21. Bd2 Rac8 22. Kd1 Rc4 23. Rg1 Rhc8 24. Rg2 d4 25. f3 Rf8 26. Rf2 e4 27. f4
g6 28. Ke1 d3 29. Bc3 b5 30. Rd1 b4 31. axb4 axb4 32. Bg7 Rfc8 0-1

[Event "Litomysl 2008"]
[Site "?"]
[Date "2009.01.01"]
[Round "8.21"]
[White "Kratochvil, Josef"]
[Black "Vrana, Jan"]
[Result "1/2-1/2"]
[WhiteElo "2071"]
[BlackElo "2219"]
[PlyCount "90"]
[EventDate "2008.12.26"]

1. e4 e5 2. Nf3 Nf6 3. Nxe5 d6 4. Nxf7 Kxf7 5. Nc3 c5 6. Bc4+ Be6 7. Bxe6+ Kxe6
8. d4 Kf7 9. dxc5 Nc6 10. Qe2 Qe8 11. Bg5 dxc5 12. f4 Nd4 13. Qd3 h6 14. Bxf6
gxf6 15. O-O Qe6 16. Nd5 Rd8 17. c3 Nc6 18. f5 Qd7 19. Qe2 Bg7 20. Rad1 Qe8 21.
Nc7 Rxd1 22. Rxd1 Qe7 23. Qc4+ Kf8 24. Ne6+ Kg8 25. Nxc5+ Kh7 26. Rd7 Qe8 27.
Rxb7 Na5 28. Rxg7+ Kxg7 29. Ne6+ Kg8 30. Qc7 Rh7 31. Qxa5 Rd7 32. Qa4 Qe7 33.
Qc4 Kh7 34. Nf4 Rd1+ 35. Kf2 Qb7 36. b4 Qg7 37. Ng6 Rb1 38. Qc8 h5 39. Qe8 a5
40. Nf8+ Kh6 41. Ne6 Qb7 42. Nc5 Qg7 43. Ne6 Qa7+ 44. Nc5 Qg7 45. Ne6 Qa7+
1/2-1/2

[Event "Litomysl 2008"]
[Site "?"]
[Date "2009.01.01"]
[Round "8.26"]
[White "Svana, Peter"]
[Black "Janocko, Petr"]
[Result "1-0"]
[WhiteElo "2186"]
[BlackElo "2047"]
[PlyCount "55"]
[EventDate "2008.12.26"]

1. d4 Nf6 2. c4 e6 3. Nc3 d5 4. cxd5 exd5 5. Bg5 c6 6. e3 Be7 7. Bd3 h6 8. Bh4
O-O 9. Qc2 Nbd7 10. Nge2 Ne8 11. Bg3 Ndf6 12. f3 Nd6 13. Bf2 Nc4 14. e4 Bb4 15.
e5 Ne8 16. h4 c5 17. O-O-O cxd4 18. Bxd4 Qa5 19. Nxd5 Be6 20. Nxb4 Qxb4 21.
Bxc4 Bxc4 22. b3 Bxe2 23. Qxe2 Nc7 24. Bb2 Rac8 25. Kb1 Nb5 26. e6 Nc3+ 27.
Bxc3 Rxc3 28. e7 1-0

[Event "Litomysl 2008"]
[Site "?"]
[Date "2009.01.01"]
[Round "8.28"]
[White "Zeman, Arnost"]
[Black "Blecha, Miroslav"]
[Result "1/2-1/2"]
[WhiteElo "2030"]
[BlackElo "2219"]
[PlyCount "62"]
[EventDate "2008.12.26"]

1. e4 c5 2. Nf3 d6 3. d4 cxd4 4. Nxd4 Nf6 5. Nc3 a6 6. Be2 e5 7. Nb3 Be7 8. O-O
O-O 9. a4 Be6 10. Be3 Nbd7 11. a5 Qc7 12. Qd2 Rfd8 13. f3 Rac8 14. Rfc1 Qc6 15.
Qe1 d5 16. Nxd5 Bxd5 17. exd5 Nxd5 18. Bd2 Nc5 19. Nxc5 Bxc5+ 20. Kh1 Nf4 21.
Bf1 Qg6 22. g3 Ne6 23. Bd3 Qh5 24. Kg2 Ng5 25. Bxg5 Qxg5 26. Rd1 Rd4 27. c3 Rh4
28. Be4 Rh6 29. Rd3 Qe7 30. h4 Rd6 31. Rad1 Re8 1/2-1/2

[Event "Litomysl 2008"]
[Site "?"]
[Date "2009.01.01"]
[Round "8.29"]
[White "Kastner, Oldrich"]
[Black "Kolasin, Jan"]
[Result "1-0"]
[WhiteElo "2145"]
[BlackElo "1954"]
[PlyCount "43"]
[EventDate "2008.12.26"]

1. e4 e6 2. d4 d5 3. e5 c5 4. c3 Nc6 5. Nf3 Bd7 6. Be2 Nge7 7. h4 Nf5 8. g4 Nh6
9. Rg1 Qb6 10. Na3 cxd4 11. cxd4 Bb4+ 12. Kf1 Rc8 13. Nc2 Ng8 14. a3 Be7 15. b4
f6 16. g5 fxe5 17. dxe5 Nxe5 18. Nxe5 Ba4 19. Bd3 Qc7 20. Qh5+ Kd8 21. Nf7+ Kd7
22. Qe2 1-0

[Event "Litomysl 2008"]
[Site "?"]
[Date "2009.01.01"]
[Round "8.33"]
[White "Prachar, Josef"]
[Black "Krokay, Urszula"]
[Result "0-1"]
[WhiteElo "1905"]
[BlackElo "2024"]
[PlyCount "70"]
[EventDate "2008.12.26"]

1. d4 Nf6 2. c4 e6 3. Nc3 Bb4 4. a3 Bxc3+ 5. bxc3 c5 6. f3 d6 7. e4 Nc6 8. Be3
b6 9. Bd3 O-O 10. Ne2 Ba6 11. Ng3 Na5 12. Qe2 Qc7 13. d5 Rfe8 14. O-O Nd7 15.
f4 exd5 16. cxd5 Bxd3 17. Qxd3 c4 18. Qc2 Nb3 19. Rad1 Ndc5 20. Bd4 f6 21. Rfe1
Qb7 22. Nf5 Qd7 23. Re3 g6 24. Ng3 Nxd4 25. Rxd4 b5 26. Rd1 Re7 27. Qd2 Nd3 28.
Rxd3 cxd3 29. Qxd3 Rc8 30. Qd4 Kf7 31. e5 dxe5 32. fxe5 Rxe5 33. Qh4 Kg7 34.
Rf1 Qe7 35. Qd4 Qc5 0-1

[Event "Litomysl 2008"]
[Site "?"]
[Date "2009.01.01"]
[Round "8.37"]
[White "Nytra, Matej"]
[Black "Pekar, Vaclav"]
[Result "0-1"]
[WhiteElo "1797"]
[BlackElo "1964"]
[PlyCount "46"]
[EventDate "2008.12.26"]

1. e4 Nc6 2. d4 e5 3. dxe5 Nxe5 4. f4 Nc6 5. Nf3 g6 6. Bc4 Bg7 7. O-O Nge7 8.
Nc3 O-O 9. Ng5 h6 10. Nf3 d6 11. Kh1 Kh7 12. Rg1 f5 13. Bd3 Nb4 14. Bc4 fxe4
15. Nd4 Bxd4 16. Qxd4 Nxc2 17. Qxe4 Bf5 18. Qe2 Nxa1 19. g4 Bd7 20. h4 Bc6+ 21.
Kh2 Nf5 22. g5 Nd4 23. Qg4 Nf3+ 0-1

[Event "Litomysl 2008"]
[Site "Litomysl"]
[Date "2009.01.02"]
[Round "9.1"]
[White "Chojnacki, Krzysztof"]
[Black "Vavra, Pavel"]
[Result "1/2-1/2"]
[WhiteElo "2426"]
[BlackElo "2299"]
[PlyCount "42"]
[EventDate "2008.12.26"]

1. e4 c6 2. d4 d5 3. exd5 cxd5 4. c4 Nf6 5. Nc3 Nc6 6. Bg5 e6 7. Nf3 Be7 8. c5
Ne4 9. Bxe7 Qxe7 10. Bb5 Nxc3 11. bxc3 Bd7 12. O-O O-O 13. Re1 b6 14. c4 Na5
15. c6 Nxc6 16. cxd5 Nd8 17. Bc4 Qd6 18. dxe6 Nxe6 19. Qd2 Rad8 20. Rad1 Ba4
21. Bb3 Bxb3 1/2-1/2

[Event "Litomysl 2008"]
[Site "Litomysl"]
[Date "2009.01.02"]
[Round "9.5"]
[White "Bures, Jaroslav"]
[Black "Simacek, Pavel"]
[Result "0-1"]
[WhiteElo "2263"]
[BlackElo "2477"]
[PlyCount "64"]
[EventDate "2008.12.26"]

1. e4 c5 2. Nf3 d6 3. d4 cxd4 4. Nxd4 Nf6 5. Nc3 a6 6. Be3 Ng4 7. Bg5 h6 8. Bh4
g5 9. Bg3 Bg7 10. h4 Nc6 11. Nf3 Qb6 12. Nd5 Qa5+ 13. Qd2 Qxd2+ 14. Nxd2 Rb8
15. f3 Nf6 16. O-O-O b5 17. Nb3 g4 18. Bf2 Rg8 19. Be2 Bb7 20. Ne3 Rd8 21. Kb1
Ne5 22. Be1 e6 23. Na5 Ba8 24. a4 bxa4 25. Bb4 Bf8 26. Bxa6 Rb8 27. Bc3 gxf3
28. gxf3 Rg3 29. Be2 Nxe4 30. Be1 Nxf3 31. Nf1 Nxe1 32. Nxg3 Nxg3 0-1

[Event "Litomysl 2008"]
[Site "Litomysl"]
[Date "2009.01.02"]
[Round "9.6"]
[White "Sabol, Marian"]
[Black "Popcev, Milko Jordanov"]
[Result "0-1"]
[WhiteElo "2354"]
[BlackElo "2426"]
[PlyCount "70"]
[EventDate "2008.12.26"]

1. d4 d6 2. g3 g6 3. Bg2 Bg7 4. Nf3 e5 5. e4 Nc6 6. d5 Nce7 7. c4 f5 8. Nc3 Nf6
9. O-O O-O 10. Ne1 f4 11. Nd3 g5 12. c5 Ng6 13. a4 Ne8 14. a5 a6 15. cxd6 Nxd6
16. Nc5 Qf6 17. Ne6 Rf7 18. Bf3 Nf8 19. Bh5 Re7 20. Nxf8 Bxf8 21. b3 Bh3 22.
Re1 Rg7 23. g4 f3 24. Qd3 Be7 25. Bd2 Rf8 26. Nd1 Rg6 27. Bxg6 Qxg6 28. Ne3 Rf4
29. Nf1 Rxg4+ 30. Ng3 Bg2 31. Re3 Rf4 32. Rc1 Qh6 33. Rxf3 Rxf3 34. Qe2 Qh3 35.
Rxc7 Rf7 0-1

[Event "Litomysl 2008"]
[Site "Litomysl"]
[Date "2009.01.02"]
[Round "9.10"]
[White "Blazkova, Petra"]
[Black "Kulhanek, Tomas"]
[Result "0-1"]
[WhiteElo "2224"]
[BlackElo "2409"]
[PlyCount "90"]
[EventDate "2008.12.26"]

1. e4 c5 2. Nf3 d6 3. d4 cxd4 4. Nxd4 Nf6 5. f3 g6 6. c4 Nc6 7. Nc3 Nxd4 8.
Qxd4 Bg7 9. Be3 O-O 10. Qd2 Be6 11. Nd5 Bxd5 12. cxd5 Nd7 13. Be2 a5 14. O-O a4
15. Rab1 Qa5 16. Qd1 Rfc8 17. Kh1 Qb4 18. f4 Bxb2 19. a3 Qxa3 20. Rf3 Qb4 21.
Bd4 a3 22. Rxa3 Rxa3 23. Rxb2 Qa4 24. Qxa4 Rxa4 25. Rxb7 Rb8 26. Rxb8+ Nxb8 27.
Kg1 e6 28. dxe6 fxe6 29. Be3 Nd7 30. Kf2 Kf7 31. h3 d5 32. exd5 exd5 33. Bb5
Ra2+ 34. Kf3 Ra3 35. Ke2 Nf6 36. Bd3 Ne4 37. Bd4 Ra2+ 38. Kf3 Nd2+ 39. Ke3 Nc4+
40. Kf3 Rd2 41. Bxc4 dxc4 42. Be5 Ke6 43. h4 h5 44. Ke4 Rxg2 45. Kd4 Rg4 0-1

[Event "Litomysl 2008"]
[Site "Litomysl"]
[Date "2009.01.02"]
[Round "9.13"]
[White "Konstacky, Matej"]
[Black "Stachowiak, Kamil"]
[Result "0-1"]
[WhiteElo "2133"]
[BlackElo "2351"]
[PlyCount "48"]
[EventDate "2008.12.26"]

1. Nf3 c5 2. g3 Nc6 3. Bg2 g6 4. O-O Bg7 5. e4 d6 6. d3 e5 7. Nc3 Nge7 8. Ne1
O-O 9. f4 Nd4 10. h3 f5 11. Nf3 h6 12. Nxd4 cxd4 13. Ne2 Qb6 14. Kh2 Be6 15. c4
fxe4 16. Bxe4 d5 17. cxd5 Bxd5 18. Bxd5+ Nxd5 19. fxe5 Rxf1 20. Qxf1 Rf8 21.
Qg1 Nb4 22. Nxd4 Nc2 23. Nxc2 Rf2+ 24. Qg2 Rxg2+ 0-1

[Event "Litomysl 2008"]
[Site "Litomysl"]
[Date "2009.01.02"]
[Round "9.22"]
[White "Chlost, Marlena"]
[Black "Olsarova, Tereza"]
[Result "1/2-1/2"]
[WhiteElo "2137"]
[BlackElo "2108"]
[PlyCount "173"]
[EventDate "2008.12.26"]

1. e4 e5 2. Nf3 Nc6 3. Bb5 a6 4. Ba4 Nf6 5. O-O Nxe4 6. d4 b5 7. Bb3 d5 8. dxe5
Be6 9. Qe2 Be7 10. Rd1 O-O 11. c4 bxc4 12. Bxc4 Nb8 13. Nc3 Nxc3 14. bxc3 c6
15. Bb3 Qc7 16. c4 Rd8 17. Ng5 Nd7 18. cxd5 cxd5 19. Qh5 h6 20. Nxe6 fxe6 21.
Bf4 Rf8 22. Rac1 Bc5 23. Be3 Qb6 24. Rxc5 Nxc5 25. Qg6 Qb4 26. Bc2 Ne4 27. Bxh6
Qe7 28. Be3 Qf7 29. Bxe4 dxe4 30. Qxe4 Rad8 31. Rd6 Qf5 32. Qxf5 exf5 33. Bc5
Rc8 34. Rd5 Rf7 35. g3 Rfc7 36. Be3 Rc2 37. a4 R8c6 38. a5 Kf7 39. Rd7+ Kf8 40.
Ra7 Re6 41. Bb6 Rxe5 42. Rxa6 g5 43. Ra8+ Kf7 44. a6 Re8 45. Ra7+ Kg6 46. Rb7
g4 47. Be3 Rcc8 48. a7 Rcd8 49. Rb6+ Kf7 50. Ra6 Rc8 51. Kg2 Ra8 52. h3 Rg8 53.
hxg4 fxg4 54. Rc6 Rge8 55. Rc7+ Ke6 56. Bf4 Rf8 57. Rb7 Rf7 58. Rxf7 Kxf7 59.
Bb8 Ke6 60. f3 gxf3+ 61. Kxf3 Kf5 62. Ke3 Kg4 63. Kf2 Kg5 64. Kf3 Kf5 65. g4+
Kg5 66. Kg3 Kg6 67. Kf4 Kf6 68. g5+ Kg6 69. Kg4 Kg7 70. Kf5 Kf7 71. g6+ Kg7 72.
Kg5 Kg8 73. Kh6 Kh8 74. Be5+ Kg8 75. Bb8 Kh8 76. Kg5 Kg7 77. Kf5 Kg8 78. Kf6
Kf8 79. Ke6 Kg7 80. Kf5 Kg8 81. Kf6 Kf8 82. Bd6+ Kg8 83. Bb8 Kf8 84. g7+ Kg8
85. Ke6 Kxg7 86. Kd6 Rxa7 87. Bxa7 1/2-1/2

[Event "Litomysl 2008"]
[Site "Litomysl"]
[Date "2009.01.02"]
[Round "9.23"]
[White "Krokay, Urszula"]
[Black "Novotny, Michal"]
[Result "0-1"]
[WhiteElo "2024"]
[BlackElo "2272"]
[PlyCount "66"]
[EventDate "2008.12.26"]

1. e4 c5 2. Nf3 d6 3. c3 Nf6 4. h3 Bd7 5. Bd3 Nc6 6. O-O e6 7. Bc2 Rc8 8. d4
cxd4 9. cxd4 Nb4 10. Bb3 Bb5 11. Ba4 Qd7 12. Bxb5 Qxb5 13. Nc3 Qa6 14. Bg5 h6
15. Bxf6 gxf6 16. Rc1 Be7 17. Nd5 Rxc1 18. Qxc1 exd5 19. Qc8+ Bd8 20. exd5 Nxd5
21. Re1+ Ne7 22. Nh4 Qa5 23. Re3 Kf8 24. Qxb7 Rg8 25. Qd7 Rg5 26. Nf3 Rd5 27.
Ra3 Qc7 28. Qg4 Qc1+ 29. Kh2 Bb6 30. Qh4 Ng6 31. Qxf6 Qf4+ 32. Qxf4 Nxf4 33. g3
Ne6 0-1

[Event "Litomysl 2008"]
[Site "Litomysl"]
[Date "2009.01.02"]
[Round "9.27"]
[White "Krupa, Krzysztof"]
[Black "Zeman, Arnost"]
[Result "1-0"]
[WhiteElo "2106"]
[BlackElo "2030"]
[PlyCount "59"]
[EventDate "2008.12.26"]

1. e4 c5 2. Nf3 Nc6 3. Bb5 Nf6 4. e5 Nd5 5. O-O g6 6. Nc3 Nc7 7. Bc4 Ne6 8. b4
Nxb4 9. Ne4 b6 10. c3 Bb7 11. Neg5 Nd5 12. Qb3 Nec7 13. d4 b5 14. e6 fxe6 15.
Bxb5 Nxb5 16. Qxb5 Qb6 17. Qd3 c4 18. Qc2 Nf6 19. Ne5 Bg7 20. Nxg6 hxg6 21.
Qxg6+ Kd8 22. Qxg7 Rg8 23. Qf7 Qc6 24. f3 Qd5 25. Ne4 Kc7 26. Bf4+ Kc6 27. Qxe7
Nh5 28. Be5 Rg6 29. Rab1 Rag8 30. Rb2 1-0

[Event "Litomysl 2008"]
[Site "Litomysl"]
[Date "2009.01.02"]
[Round "9.30"]
[White "Krondraf, Karel"]
[Black "Framberk, Jan"]
[Result "1-0"]
[WhiteElo "2214"]
[BlackElo "2042"]
[PlyCount "67"]
[EventDate "2008.12.26"]

1. e4 c5 2. b3 d6 3. Bb2 Nc6 4. Bb5 Bd7 5. f4 Nf6 6. d3 a6 7. Bxc6 Bxc6 8. Qe2
e6 9. Nf3 Be7 10. Nbd2 b5 11. O-O O-O 12. c4 d5 13. Ne5 Bb7 14. Rf3 Nd7 15.
Nxd7 Qxd7 16. Rg3 f6 17. Qg4 Bd6 18. cxd5 Rae8 19. e5 fxe5 20. fxe5 Bb8 21. Ne4
Bxd5 22. Nf6+ Rxf6 23. exf6 Bxg3 24. Qxg3 g6 25. f7+ Kxf7 26. Qf4+ Ke7 27. Bf6+
Kf8 28. Rf1 Kg8 29. h4 h5 30. Be5 Qh7 31. Qg5 Rf8 32. Rxf8+ Kxf8 33. Qd8+ Kf7
34. Qd7+ 1-0

[Event "Litomysl 2008"]
[Site "Litomysl"]
[Date "2009.01.02"]
[Round "9.31"]
[White "Blecha, Miroslav"]
[Black "Vlcek, Marek"]
[Result "1-0"]
[WhiteElo "2219"]
[BlackElo "1994"]
[PlyCount "65"]
[EventDate "2008.12.26"]

1. e4 c5 2. Nf3 Nf6 3. e5 Nd5 4. Nc3 e6 5. Nxd5 exd5 6. d4 d6 7. Bb5+ Nc6 8.
O-O a6 9. Bxc6+ bxc6 10. Re1 Be6 11. Ng5 cxd4 12. exd6 Qxd6 13. Qg4 Be7 14.
Nxe6 fxe6 15. Rxe6 Qd7 16. Bg5 O-O 17. Bxe7 Rae8 18. Qe2 Rf7 19. Re1 Rf4 20.
Rd6 Qc8 21. Qe6+ Qxe6 22. Rdxe6 Kf7 23. Bd6 Rxe6 24. Rxe6 Rf5 25. Re7+ Kf6 26.
Rc7 g5 27. Rxc6 g4 28. Rxa6 h5 29. b4 Kg5 30. b5 d3 31. cxd3 d4 32. Be7+ Kf4
33. Rf6 1-0

[Event "Litomysl 2008"]
[Site "Litomysl"]
[Date "2009.01.02"]
[Round "9.36"]
[White "Balkova, Anna"]
[Black "Pukl, Rostislav"]
[Result "0-1"]
[WhiteElo "1886"]
[BlackElo "1971"]
[PlyCount "60"]
[EventDate "2008.12.26"]

1. e4 e5 2. Nf3 Nc6 3. Bb5 a6 4. Ba4 Nf6 5. O-O b5 6. Bb3 Bc5 7. d3 d6 8. h3
Bb7 9. Bg5 h6 10. Bxf6 Qxf6 11. Nc3 Ne7 12. Nd5 Nxd5 13. exd5 O-O 14. c3 Rfe8
15. Re1 Bb6 16. Rc1 Re7 17. Re2 Rae8 18. Qe1 g5 19. Nd2 Qg6 20. Ne4 f5 21. Ng3
h5 22. c4 Kh8 23. cxb5 axb5 24. Kh1 h4 25. Nf1 Rh7 26. Ne3 g4 27. hxg4 fxg4 28.
Nf1 g3 29. f3 Rg8 30. Ne3 h3 0-1